000 00852nas a2200265 454500
001 27635
005 20260407193507.0
008 260407s2005####ag###########|||spa#d
003 AR-UNSa-BCEJYS
040 _aAR-UNSa-BCEJYS
_bspa
_cAR-UNSa-BCEJYS
080 _a94
_xHistoria General
245 1 0 _aRevista Escuela de Historia
022 _a1667-4162
264 1 _aSalta :
_bUniversidad Nacional de Salta
_c2005
310 _aFrecuencia: Anual
041 _aspa
942 _cSER
590 _aniveau_biblio:s niveau_hierar:1
100 1 _aUniversidad Nacional de Salta. Facultad de Humanidades. Escuela de Historia
700 1 _aTejerina, MarĂ­a Emilia
650 _aHistoria
650 _aHistoria Argentina
650 _aHISTORIA DE SALTA
856 4 1 _uhttps://biblioeco.unsa.edu.ar/pmb/images/revistas/R17746.jpg
_yImagen de portada
_qimage/jpeg
999 _c8626
_d8626